Qualitative methodology: a practical guide (Record no. 79886)
[ view plain ]
| 000 -LEADER | |
|---|---|
| fixed length control field | 00835nam a2200193 a 4500 |
| 008 - FIXED-LENGTH DATA ELEMENTS--GENERAL INFORMATION | |
| fixed length control field | 170111s2014 ||||||||||||||||| || u |
| 020 ## - INTERNATIONAL STANDARD BOOK NUMBER | |
| International Standard Book Number | 9781446248980 |
| 050 ## - LIBRARY OF CONGRESS CALL NUMBER | |
| Classification number | H 62 Qua |
| 100 ## - MAIN ENTRY--PERSONAL NAME | |
| Personal name | Mills, Jane |
| 245 10 - TITLE STATEMENT | |
| Title | Qualitative methodology: a practical guide |
| Statement of responsibility, etc. | edited by Jane Mills and Melanie Birks |
| 260 ## - PUBLICATION, DISTRIBUTION, ETC. | |
| Place of publication, distribution, etc. | London |
| Name of publisher, distributor, etc. | SAGE Publications |
| Date of publication, distribution, etc. | 2014 |
| 300 ## - PHYSICAL DESCRIPTION | |
| Extent | xviii, 266p.: ill. |
| 650 #0 - SUBJECT ADDED ENTRY--TOPICAL TERM | |
| Topical term or geographic name entry element | RESEARCH--METHODOLOGY |
| 650 #0 - SUBJECT ADDED ENTRY--TOPICAL TERM | |
| Topical term or geographic name entry element | QUALITATIVE RESEARCH |
| 650 ## - SUBJECT ADDED ENTRY--TOPICAL TERM | |
| Topical term or geographic name entry element | QUALITATIVE METHODOLOGY |
| 700 ## - ADDED ENTRY--PERSONAL NAME | |
| Personal name | Birks, Melanie |
| 995 ## - | |
| -- | MAIN LIBRARY OPEN ACCESS |
| -- | 747588 |
| -- | CBU-MAIN LIBRARY (Kitwe) |
| -- | H 62 Qua |
| -- | 2 |
| -- | AVAILABLE |
| -- | Jan 24, 2017 |
| -- | 747588 |
| -- | Main Library Open Access Collection |
| 995 ## - | |
| -- | MAIN LIBRARY OPEN ACCESS |
| -- | 747587 |
| -- | CBU-MAIN LIBRARY (Kitwe) |
| -- | H 62 Qua |
| -- | 1 |
| -- | AVAILABLE |
| -- | Jan 24, 2017 |
| -- | 747587 |
| -- | Main Library Open Access Collection |
| 999 ## - | |
| -- | 79886 |
| -- | 79886 |
| Withdrawn status | Lost status | Source of classification or shelving scheme | Damaged status | Not for loan | Permanent Location | Current Location | Shelving location | Date acquired | Total Checkouts | Full call number | Barcode | Date last seen | Copy number | Price effective from | Koha item type |
|---|---|---|---|---|---|---|---|---|---|---|---|---|---|---|---|
| CBU-MAIN LIBRARY, KITWE. | CBU-MAIN LIBRARY, KITWE. | 06/29/2023 | H 62 Qua | 747588 | 06/29/2023 | 1 | 06/29/2023 | MONOGRAPH | |||||||
| CBU-MAIN LIBRARY, KITWE. | CBU-MAIN LIBRARY, KITWE. | 06/29/2023 | H 62 Qua | 747587 | 06/29/2023 | 2 | 06/29/2023 | MONOGRAPH |